000 00866 a2200229 4500
008 080820t xxu||||| |||| 00| 0 eng d
010 _aENG-84886
020 _a.
_c400.00
035 _aEN-68419
037 _bD.B.Act / Pub
082 _a304.2
100 _aMathur, Priyanka
245 _aSocial anthropology
_cby Priyanka Mathur
250 _a1st ed.
260 _aJaipur
_bPanchsheel Prakashan
_c2006
270 _aFilm Colony
_bJaipuria, Sewaram
_cRajasthan
_e302003
_k0141-2315072
_l5113854
_mpanchsheel_j@sify.com
300 _a220 p. ;
_c22 cm. (Hb)
500 _aIncludes bibliographical references
650 _aSocial anthropology
942 _adpl
_cEN
_k304.2 / MAT
_2ddc
_h304.2
_mMAT
999 _c653
_d653